| 000 | 00553nam a22002057a 4500 | ||
|---|---|---|---|
| 003 | OSt | ||
| 005 | 20210421084025.0 | ||
| 008 | 201221s1955 ||||| |||| 00| 0 eng d | ||
| 040 |
_aeng _beng _cDLC _deng |
||
| 041 | _aeng | ||
| 080 |
_a59 _bR-75 |
||
| 100 |
_9561 _aRomer, Sherwood. Alfred |
||
| 245 |
_aThe Vertebrate Body _c/ by: W. B. Saunders Company |
||
| 250 | _a2nd edition | ||
| 260 |
_aPhiladelphia _bW. B. Saunders Company _c1955 |
||
| 300 |
_a644 p. _bill. |
||
| 650 | 0 |
_9466 _aZoology |
|
| 653 | _aზოოლოგია | ||
| 942 |
_2udc _cBK _e2 |
||
| 999 |
_c735 _d735 |
||